Les villes les plus peuplées des Pays de la Loire - Statistiques

Statistiques générales
  • Ce quiz a été pris 400 fois
  • Le résultat moyen est 11 sur 20
Statistiques - réponses
Population Ville % Correct
270 343 Nantes
100%
151 322 Angers
96%
146 064 Le Mans
91%
65 868 Saint-Nazaire
88%
50 956 Laval
84%
49 292 La Roche-sur-Yon
80%
54 215 Cholet
75%
29 916 Saumur
64%
35 518 Rezé
60%
15 531 Les Sables-d'Olonne
58%
43 728 Saint-Herblain
58%
23 550 Orvault
45%
15 369 Carquefou
43%
20 261 Vertou
34%
25 223 Saint-Sébastien-sur-Loire
33%
16 136 Challans
27%
15 833 La Baule-Escoublac
22%
16 387 La Chapelle-sur-Erdre
22%
17 821 Couëron
20%
15 631 Bouguenais
18%
Aucun quiz correspondant
Distribution des résultats
% des personnes avec chaque résultat
Percentile par nombre de réponses
Votre historique - résultats
Vous n’avez pas pris ce quiz